000 02394nam a2200373 a 4500
001 ebr10476729
003 CaPaEBR
006 m u
007 cr cn|||||||||
008 030402s2003 nyub sb 001 0 eng d
010 _z 2003007791
020 _z0875862179 (soft : alk. paper)
020 _z0875862187 (hard cover : alk. paper)
020 _z9780875862170
020 _z9780875862323 (e-book)
040 _aCaPaEBR
_cCaPaEBR
035 _a(OCoLC)52586966
043 _aa-kr---
050 1 4 _aDS918
_b.L392 2003eb
082 0 4 _a951.904/2
_221
100 1 _aLee, Bong.
245 1 4 _aThe unfinished war
_h[electronic resource] :
_bKorea /
_cBong Lee.
246 3 0 _aKorea
260 _aNew York :
_bAlgora Pub.,
_cc2003.
300 _aviii, 284 p. :
_bmaps.
504 _aIncludes bibliographical references and index.
505 0 _aThus it began: Korea, the hermit kingdom ; Korean nationalists -- The Lee family under Japanese occupation: out of the frying pan, into the fire, World War II --The Russians are coming: Kim Il Sung makes an entrance -- Americans in South Korea -- North Koreans discover communism -- Chaos in South Korea: MacArthur in Japan -- Prelude to a hot war -- On a rainy Sunday across the 38th parallel: reactions of Washington -- The ROK army on the brink of disintegration: MacArthur in Suwon ; Tactical errors all around -- An ugly war -- The first hundred days -- Mao's thought in Beijing -- The Inchon landing and its aftermath -- Chinese traps -- A brand new ball game --Refugee stories: the plight of refugees and massacres of innocent civilians -- An old soldier just fades away, a new one steps in -- The way we survived the war -- A talking war -- The tortuous path to armistice agreement -- South Korea after the ceasefire: two schoolgirls -- North Korea now -- Old war, new crisis: the nuclear weapons developement program ; the sunshine policy ; military provocations ; what next.
533 _aElectronic reproduction.
_bPalo Alto, Calif. :
_cebrary,
_d2013.
_nAvailable via World Wide Web.
_nAccess may be limited to ebrary affiliated libraries.
650 0 _aKorean War, 1950-1953.
651 0 _aKorea
_xHistory
_y1945-
655 7 _aElectronic books.
_2local
710 2 _aebrary, Inc.
856 4 0 _uhttp://site.ebrary.com/lib/rucke/Doc?id=10476729
_zAn electronic book accessible through the World Wide Web; click to view
999 _c217684
_d217684